<?xml version="1.0" encoding="UTF-8"?>
<record
    xmlns:xsi="http://www.w3.org/2001/XMLSchema-instance"
    xsi:schemaLocation="http://www.loc.gov/MARC21/slim http://www.loc.gov/standards/marcxml/schema/MARC21slim.xsd"
    xmlns="http://www.loc.gov/MARC21/slim">

  <leader>01138naa a2200253   4500</leader>
  <controlfield tag="005">20090811162021.0</controlfield>
  <controlfield tag="008">090811t        xxu||||| |||| 00| 0 eng d</controlfield>
  <datafield tag="010" ind1=" " ind2=" ">
    <subfield code="a">ENG-94727</subfield>
  </datafield>
  <datafield tag="020" ind1=" " ind2=" ">
    <subfield code="a">9780198060055</subfield>
    <subfield code="c">2950.00</subfield>
  </datafield>
  <datafield tag="035" ind1=" " ind2=" ">
    <subfield code="a">EN-78260</subfield>
  </datafield>
  <datafield tag="037" ind1=" " ind2=" ">
    <subfield code="b">DBAD /  PUB</subfield>
  </datafield>
  <datafield tag="040" ind1=" " ind2=" ">
    <subfield code="a">dpl</subfield>
    <subfield code="b">English </subfield>
  </datafield>
  <datafield tag="082" ind1=" " ind2=" ">
    <subfield code="a">954.0841</subfield>
  </datafield>
  <datafield tag="245" ind1=" " ind2=" ">
    <subfield code="a">Towards freedom :</subfield>
    <subfield code="b">documents on the movement for independence in India  - 1946/</subfield>
    <subfield code="c">edited by Sumit Sarkar; with a preface by the general editor  Sabyasachi Bhattacharya</subfield>
  </datafield>
  <datafield tag="260" ind1=" " ind2=" ">
    <subfield code="a">New  Delhi</subfield>
    <subfield code="b">Oxford University Press</subfield>
    <subfield code="c">2009</subfield>
  </datafield>
  <datafield tag="260" ind1=" " ind2=" ">
    <subfield code="a">New Delhi</subfield>
    <subfield code="b">Indian Council of Historical Research (ICHR)</subfield>
    <subfield code="c">2008</subfield>
  </datafield>
  <datafield tag="270" ind1=" " ind2=" ">
    <subfield code="a">YMCA Library Building, Jai Singh Road</subfield>
    <subfield code="b">New  Delhi</subfield>
    <subfield code="e">110 001</subfield>
  </datafield>
  <datafield tag="300" ind1=" " ind2=" ">
    <subfield code="a">pt.2 (lx, 989p.-1455p. ).</subfield>
    <subfield code="c">28cm(Hb)</subfield>
  </datafield>
  <datafield tag="490" ind1=" " ind2=" ">
    <subfield code="a">ICHR: towards freedom/ edited by Sumit Sarkar</subfield>
  </datafield>
  <datafield tag="500" ind1=" " ind2=" ">
    <subfield code="a">Includes index</subfield>
  </datafield>
  <datafield tag="700" ind1=" " ind2=" ">
    <subfield code="a">Sarkar, Sumit</subfield>
  </datafield>
  <datafield tag="942" ind1=" " ind2=" ">
    <subfield code="a">dpl</subfield>
    <subfield code="c">EN</subfield>
    <subfield code="2">ddc</subfield>
    <subfield code="h">954.0841 </subfield>
    <subfield code="m">TOW</subfield>
  </datafield>
  <datafield tag="999" ind1=" " ind2=" ">
    <subfield code="c">29151</subfield>
    <subfield code="d">29151</subfield>
  </datafield>
  <datafield tag="952" ind1=" " ind2=" ">
    <subfield code="0">0</subfield>
    <subfield code="1">0</subfield>
    <subfield code="2">ddc</subfield>
    <subfield code="3">Pt.2</subfield>
    <subfield code="4">0</subfield>
    <subfield code="7">1</subfield>
    <subfield code="8">NFIC</subfield>
    <subfield code="a">DBAD</subfield>
    <subfield code="b">DBAD</subfield>
    <subfield code="d">2009-08-11</subfield>
    <subfield code="e">DBAD / PUB</subfield>
    <subfield code="g">2950.00</subfield>
    <subfield code="l">0</subfield>
    <subfield code="o">954.0841  TOW</subfield>
    <subfield code="p">EN-78260</subfield>
    <subfield code="r">2009-08-11 00:00:00</subfield>
    <subfield code="t">1</subfield>
    <subfield code="v">2950.00</subfield>
    <subfield code="w">2009-08-11</subfield>
    <subfield code="y">EN</subfield>
    <subfield code="z">Pt.2</subfield>
  </datafield>
</record>
